000 00755nam a2200229Ii 4500
003 JO-AjNU
008 230605s9999||||xx |||||||||||||| ||und||
017 _a2000/1759
020 _a977-278-183-8
040 _aJO-AjNU
_bara
_erda
_cJO-AjNU
041 _aara
050 1 4 _aBP52.5 2001
100 3 _aمرسي، محمد سعيد,
_eauthor
_922124
245 0 0 _aفن التعامل مع الآخرين في الإسلام
250 _aط1
264 3 1 _aطنطا: دار البشير للثقافة والعلوم الاسلامية،2001
300 _a214ص
336 _atext
_btxt
_2rdacontent
337 _aunmediated
_bn
_2rdamedia
338 _avolume
_bnc
_2rdacarrier
650 4 _aالاسلام والعلاقات الانسانية
_922125
999 _aA7803
_c11371
_d11371